00572 2200217 4500001002100000005001500021035002000036007000300056008004100059020002200100082001200122084001800134100001700152245007500169250001200244260002700256300002100283600003100304856000800335990001100343INLIS00000000000032120260310021148 a0010-0326000083ta260310 0  a978-979-1256-03-2 a297.567 a297.567 BUR y0 aBURHAN SODIQ1 aYA ALLAH, AKU JATUH CINTA ! :bMENGELOLA CINTA ANPA HARUS TERKENA DOSA aPERTAMA aSOLO :bSAMUDRA,c2007 a178 hlm ;c18 cm 4aya allah,aku jatuh cinta ! a300 a35.988